|
|
|
|
| LEADER |
00000nas a2200000 a 4500 |
| 001 |
ssj0000393577 |
| 003 |
WaSeSS |
| 005 |
20200512172242.0 |
| 006 |
m d |
| 007 |
cr n |
| 008 |
900924c19899999sp fr p s o 0 0spa |
| 010 |
|
|
|a 90655717
|
| 022 |
|
|
|l 1130-0507
|y 1130-0507
|
| 035 |
|
|
|a (WaSeSS)ssj0000393577
|
| 037 |
|
|
|b Secretariado de Publicaciones e Intercambio Científico, Universidad de Murcia. C/Santo Cristo 1, 3001-Murcia, España
|
| 040 |
|
|
|a DLC
|b eng
|c DLC
|d COO
|d NYP
|d HUL
|d SYS
|d OCLCQ
|d OCLCO
|d OCLCF
|d OCLCO
|d CUS
|d DLC
|d WaSeSS
|
| 042 |
|
|
|a pcc
|
| 050 |
0 |
0 |
|a B5
|b .D35
|
| 082 |
0 |
0 |
|a 105
|2 20
|
| 130 |
0 |
|
|a Daimōn (Murcia, Spain)
|
| 245 |
1 |
0 |
|a Daimōn
|h [electronic resource] :
|b revista de filosofía.
|
| 260 |
|
|
|a Murcia :
|b Univ. Murcia, Departamento de Filosofía y Lógica,
|c c1989-
|
| 310 |
|
|
|a Three times a year,
|b 2001-
|
| 321 |
|
|
|a Annual,
|b 189-1991
|
| 321 |
|
|
|a Semiannual,
|b 1992-2000
|
| 362 |
0 |
|
|a No. 1-
|
| 500 |
|
|
|a Title from cover.
|
| 500 |
|
|
|a Some issues have distinctive titles.
|
| 500 |
|
|
|a Subtitle varies.
|
| 506 |
|
|
|a License restrictions may limit access.
|
| 546 |
|
|
|a In Spanish.
|
| 588 |
|
|
|a Latest issue consulted: No. 58 (Enero-Abril 2013).
|
| 650 |
|
0 |
|a Philosophy
|v Periodicals.
|
| 650 |
|
7 |
|a Philosophy.
|2 fast
|0 (OCoLC)fst01060777
|
| 655 |
|
0 |
|a Electronic journals.
|
| 710 |
2 |
|
|a Universidad de Murcia.
|b Departamento de Filosofía y Lógica.
|
| 780 |
0 |
0 |
|t Anales de filosofía
|w (DLC) 85643797
|w (OCoLC)12308107
|
| 850 |
|
|
|a DLC
|a NIC
|a NN
|
| 853 |
0 |
0 |
|8 1
|a no.
|i (year)
|
| 853 |
0 |
0 |
|8 2
|a no.
|i (year)
|j (month)
|
| 856 |
4 |
0 |
|z Full text available from Research Library: 01/01/2014 to present
|u https://search.proquest.com/publication/2035776
|
| 856 |
4 |
0 |
|z Full text available from PRISMA Database with HAPI Index: 01/01/2014 to 01/31/2017
|u https://search.proquest.com/publication/2036010
|
| 863 |
4 |
0 |
|8 1
|a <1>-
|i <1989>-
|x provisional
|
| 863 |
4 |
0 |
|8 2
|a <10>-
|i <1995>-
|x provisional
|